在空白地图上画出山东所有县级行政区Counties in Shandong with an empty map - Statistics

General Stats
  • This quiz has been taken 153 times
  • The average score is 89 of 136
Answers on the Map
Answers color-coded by a green-red scale on the quiz's map according to % correct below.
 
Answer Stats
地级 县级 % Correct
济南市 历下区
92%
济南市 历城区
92%
济南市 莱芜区
92%
泰安市 泰山区
92%
青岛市 莱西市
90%
烟台市 莱阳市
90%
济南市 济阳区
87%
济南市 钢城区
87%
淄博市 临淄区
87%
烟台市 芝罘区
87%
济宁市 曲阜市
87%
枣庄市 | 济南市 市中区
85%
济南市 章丘区
85%
青岛市 市北区
85%
青岛市 黄岛区
85%
青岛市 胶州市
85%
淄博市 博山区
85%
烟台市 莱州市
85%
潍坊市 高密市
85%
威海市 乳山市
85%
青岛市 市南区
82%
青岛市 即墨区
82%
烟台市 蓬莱区
82%
青岛市 崂山区
79%
青岛市 平度市
79%
枣庄市 滕州市
79%
烟台市 栖霞市
79%
潍坊市 潍城区
79%
潍坊市 诸城市
79%
德州市 德城区
79%
菏泽市 曹县
79%
济南市 天桥区
77%
淄博市 淄川区
77%
东营市 东营区
77%
烟台市 海阳市
77%
潍坊市 青州市
77%
潍坊市 寿光市
77%
济宁市 邹城市
77%
泰安市 岱岳区
77%
威海市 荣成市
77%
菏泽市 牡丹区
77%
枣庄市 台儿庄区
74%
烟台市 龙口市
74%
日照市 莒县
74%
济南市 槐荫区
72%
青岛市 李沧区
72%
青岛市 城阳区
72%
烟台市 莱山区
72%
泰安市 肥城市
72%
威海市 环翠区
72%
威海市 文登区
72%
临沂市 沂水县
72%
聊城市 东昌府区
72%
淄博市 周村区
69%
东营市 河口区
69%
烟台市 福山区
69%
烟台市 牟平区
69%
烟台市 招远市
69%
潍坊市 昌邑市
69%
济宁市 微山县
69%
滨州市 滨城区
69%
滨州市 邹平市
69%
淄博市 张店区
67%
潍坊市 坊子区
67%
潍坊市 安丘市
67%
济宁市 梁山县
67%
泰安市 东平县
67%
泰安市 新泰市
67%
日照市 东港区
67%
济南市 长清区
64%
济南市 商河县
64%
淄博市 沂源县
64%
枣庄市 峄城区
64%
东营市 垦利区
64%
潍坊市 奎文区
64%
济宁市 兖州区
64%
日照市 岚山区
64%
临沂市 沂南县
64%
临沂市 兰陵县
64%
临沂市 莒南县
64%
德州市 齐河县
64%
聊城市 临清市
64%
济南市 平阴县
59%
东营市 利津县
59%
潍坊市 寒亭区
59%
济宁市 任城区
59%
日照市 五莲县
59%
德州市 陵城区
59%
德州市 乐陵市
59%
德州市 禹城市
59%
济宁市 鱼台县
56%
临沂市 罗庄区
56%
临沂市 郯城县
56%
聊城市 阳谷县
56%
滨州市 沾化区
56%
菏泽市 单县
56%
菏泽市 巨野县
56%
东营市 广饶县
54%
临沂市 兰山区
54%
临沂市 费县
54%
聊城市 茌平区
54%
聊城市 东阿县
54%
菏泽市 郓城县
54%
枣庄市 薛城区
51%
潍坊市 临朐县
51%
潍坊市 昌乐县
51%
临沂市 蒙阴县
51%
滨州市 惠民县
51%
菏泽市 定陶区
51%
菏泽市 成武县
51%
枣庄市 山亭区
49%
临沂市 河东区
49%
聊城市 莘县
49%
聊城市 高唐县
49%
滨州市 无棣县
49%
菏泽市 鄄城县
49%
菏泽市 东明县
49%
淄博市 桓台县
46%
淄博市 高青县
46%
济宁市 嘉祥县
46%
济宁市 汶上县
46%
济宁市 金乡县
44%
济宁市 泗水县
44%
德州市 庆云县
44%
德州市 夏津县
44%
聊城市 冠县
44%
滨州市 博兴县
44%
泰安市 宁阳县
41%
临沂市 平邑县
41%
临沂市 临沭县
41%
德州市 宁津县
41%
德州市 平原县
41%
德州市 临邑县
38%
德州市 武城县
36%
滨州市 阳信县
36%
No matching quizzes found
Score Distribution
Percent of People with Each Score
Percentile by Number Answered
Your Score History
You have not taken this quiz